000 00647nam a22001697a 4500
999 _c11712
_d11712
003 OSt
005 20181220134253.0
008 181220b ||||| |||| 00| 0 eng d
040 _c0
082 _aDPer 910.5 T69 Apr-June 2015 v. 45, n.4-5
245 _aThe best of Madrid fusion Manila :
_bInspired ideas, thrilling moments, memorable tastings and other highlights from the years most exciting culinary event /
260 _aQuezon City, Philippines :
_bABS-CBN Publishing Inc.,
_ccApr-June 2015.
300 _av. 45, n. 4-6, p. 52-53.
_bcolored illustrations:
_c28 cm.
500 _aFood
650 _aFood
_vPeriodical
_933440
942 _2ddc
_cPER